Who's who in international affairs 2011.
| Format: | Book |
|---|---|
| Published: |
London:
Routledge,
2011.
|
| Edition: | 7th ed. |
| Subjects: |
| LEADER | 00443cam a2200145 7i4500 | ||
|---|---|---|---|
| 001 | 0000027345 | ||
| 005 | 20120105090000.0 | ||
| 020 | 0 | 0 | |a 9781857435757 |
| 090 | 0 | 0 | |a I 327.2025 |b WHO |
| 245 | 0 | 0 | |a Who's who in international affairs 2011. |
| 250 | 0 | 0 | |a 7th ed. |
| 260 | 0 | 0 | |a London: |b Routledge, |c 2011. |
| 650 | 0 | 0 | |a International politics |
| 650 | 0 | 0 | |a International relations -- |x Directories |
| 999 | |a B000029975 |b Book |c International |e Business Information Centre | ||


